000 01157nam a22002897a 4500
001 BD-DhSAU 8665
003 BD-DhSAU
005 20181218113005.0
008 150613b2017 bg a|||| m||| 00| 0 eng d
040 _aBD-DhSAU
082 _222
_a595.7
_bH27
100 _aHasan , Md. Fahim
_4Registration No. #11-04589
245 _aEffectiveness of granular insecticides on Insect Pests Management in three Aman rice varieties /
_cHasan , Md. Fahim
_bMs Thesis
260 _aSher-e-Bangla Agricultural University :
_bDepartment of Entomology,
_c2017.
300 _axii ; 76p. :
_bill. ;
_c30 cm.
500 _aMS thesis of Department of Entomology, Faculty of Agriculture, Sher-e-Bangla Agricultural University, Dhaka, Bangladesh
504 _aIncludes bibliographical references.
590 _aShofi
650 _aEntomology
650 _aGranular insecticide
650 _aInsect Pests Management
650 _aThree Aman rice varieties
700 _aAli , Mohammed
_eSuperviser
700 _aAkter , Tahmina
_eCo-superviser
856 _uhttp://archive.saulibrary.edu.bd:8080/xmlui/handle/123456789/1663
_yOnline Access
942 _2ddc
_cTHESIS
999 _c14364
_d14363